LEADER 01103nam a2200253 i 4500 001 991001470919707536 005 20020502194055.0 008 941121s1982 it ||| | ita 035 $ab11517529-39ule_inst 035 $aPRUMB61700$9ExL 040 $aDip. SSSC - TEATRO$bita 110 2 $aCentro di studi sul teatro medioevale e rinascimentale$0448692 245 10$aRappresentazioni arcaiche della tradizione popolare :$batti del vi convegno di studio :$bViterbo, 27-31 maggio 1981 /$cCentro di studi sul teatro medioevale e rinascimentale 260 $aViterbo :$bUnion printing,$cstampa 1982 300 $a562 p. :$bill. ;$c24 cm. 650 4$aCongressi$zViterbo -1981 650 4$aTeatro medievale 650 4$aTeatro popolare$zItalia$yOrigini-Sec.xv 907 $a.b11517529$b21-09-06$c01-07-02 912 $a991001470919707536 945 $aLE021 CG27BISA26$g1$iLE021N-11616$lle021$o-$pE0.00$q-$rl$s- $t0$u0$v0$w0$x0$y.i11712788$z01-07-02 996 $aRappresentazioni arcaiche della tradizione popolare$9814410 997 $aUNISALENTO 998 $ale021$b01-01-94$cm$da $e-$fita$git $h0$i1